Móda v Trenčíne 2018 výstava prác študentov študijného programu Textilná technológia a návrhárstvo : Trenčín mesto módy 2018

Bibliographic Details
Main Author: Gavendová, Mária (Author)
Format: Book
Language:Slovak
PhysicalDescription:2 nečíslované strany farebné fotografie 21 cm
Published: V Trenčíne Trenčianska univerzita A. Dubčeka v Trenčíne, Fakulta priemyselných technológií v Púchove 2018
ISBN:9788080758189 (brožované)
Subjects:

MARC

LEADER 00000nam a2200000 4500
001 vtls011834469
003 SK-MaSNL
005 20260301050439.0
008 200228s2018 xo o g c 000 0 slo
015 |a SNBE2019 
020 |a 9788080758189 (brožované) 
035 |a urn:nbn:sk:snk-am00dccm 
035 |a urn:nbn:sk:snk-am3hxdc 
035 |a 217A07D2-564B-4627-BFC5-7B1904ECA053 
040 |a SNK  |b slo  |c SNK  |e rda 
041 0 |a slo 
043 |a e-xo--- 
044 |a xo  |c SK 
072 7 |a 687  |x Odevný priemysel. Kozmetika. Kaderníctvo. Starostlivosť o vzhľad  |2 konspekt 
080 |a 687.5.01  |2 2011 
080 |a 677.02  |2 2011 
080 |a (437.6)  |2 2011 
080 |a (083.824)  |2 2011 
080 |a (079)371.27  |2 2011 
080 |a 677.074/.077:7.05  |2 2011 
100 1 |a Gavendová, Mária  |4 aut  |4 bkd  |9 356103 
245 1 0 |a Móda v Trenčíne 2018  |b výstava prác študentov študijného programu Textilná technológia a návrhárstvo : Trenčín mesto módy 2018  |c text a grafický dizajn: Mária Gavendová 
246 3 0 |a Výstava prác študentov študijného programu Textilná technológia a návrhárstvo 
264 1 |a V Trenčíne  |b Trenčianska univerzita A. Dubčeka v Trenčíne, Fakulta priemyselných technológií v Púchove  |c 2018 
300 |a 2 nečíslované strany  |b farebné fotografie  |c 21 cm 
336 |a text  |b txt  |2 rdacontent 
336 |a statický obraz  |b sti  |2 rdacontent 
337 |a bez média  |b n  |2 rdamedia 
338 |a zväzok  |b nc  |2 rdacarrier 
610 2 7 |a Trenčianska univerzita Alexandra Dubčeka v Trenčíne.  |b Fakulta priemyselných technológií v Púchove  |2 SNKKA  |9 156027 
648 7 |a 21. storočie  |2 SNKPH  |9 301294 
648 7 |a 21st century  |2 SNKPHeng  |9 303236 
650 0 7 |a textilná technológia  |2 SNKPH  |9 160305 
650 0 7 |a módne návrhárstvo  |2 SNKPH  |9 86030 
650 0 7 |a Textile technology  |2 SNKPHeng  |9 356104 
650 0 7 |a Fashion design  |2 SNKPHeng  |9 315604 
650 0 7 |a textilný dizajn  |2 SNKPH  |9 79478 
650 0 7 |a Textile design  |2 SNKPHeng  |9 329867 
651 7 |a Púchov (Slovensko)  |2 SNKPH  |9 29506 
651 7 |a Púchov (Slovakia)  |2 SNKPHeng  |9 330721 
655 7 |a študentské práce  |2 SNKPH  |9 119560 
655 7 |a katalógy výstav  |2 SNKPH  |9 70445 
655 7 |a Exhibition catalogs  |2 SNKPHeng  |9 266232 
655 7 |a Student papers  |2 SNKPHeng  |9 330722 
919 |a 978-80-8075-818-9 
999 |c 600968  |d 602898 
952 |a SNK  |b SNK  |y PREZ  |7 0  |p 17A1351992  |o snkOSC 28621  |i snk2019/1223  |8 0  |0 0  |1 0  |4 0  |d 2019-01-16  |f 1  |l 0  |r 2026-02-23 15:53:42  |w 2026-02-23 
952 |a SNK  |b SNK  |y PREZ  |7 0  |p 17A1351993  |o snkOSC 28621 D1  |i snk2019/1224  |8 0  |0 0  |1 0  |4 0  |d 2019-01-16  |l 0  |r 2026-02-23 15:53:42  |w 2026-02-23